[Event "Open Est 2015-2016"]
[Site "Aubagne"]
[Date "2016.04.23"]
[Round "9.14"]
[White "Hunault, Francis"]
[Black "Foresti, Stephane"]
[Result "0-1"]
[WhiteElo "1377"]
[BlackElo "1274"]
[PlyCount "99"]
[EventDate "2015.10.10"]
[WhiteTeam "Cercle d'Echecs Aubagnais"]
[BlackTeam "Sanary Echecs"]

1. e4 c5 2. Nf3 a6 3. c3 e6 4. d4 Nc6 5. Be2 Nf6 6. d5 exd5 7. exd5 Ne7 8. c4
g6 9. Nc3 d6 10. O-O Bg7 11. Re1 O-O 12. Bg5 h6 13. Bf4 Nf5 14. h3 Re8 15. Qd2
Kh7 16. Bd3 Nh5 17. Rxe8 Qxe8 18. Re1 Qd8 19. Bh2 Nd4 20. Nxd4 Bxd4 21. Ne4 Be5
22. Bxe5 dxe5 23. Nxc5 Qc7 24. Ne4 f5 25. Nc3 Bd7 26. b3 Nf6 27. f3 Rc8 28. Qe2
Re8 29. Qc2 Rc8 30. b4 b6 31. a4 Qd6 32. Qb3 Be8 33. a5 bxa5 34. c5 Qb8 35. d6
Rxc5 36. Qe6 Rxc3 37. Qxf6 Qa7+ 38. Kh2 Rxd3 39. Rxe5 Re3 40. Qe7+ Qxe7 41.
Rxe7+ Rxe7 42. dxe7 Kg7 43. bxa5 Kf7 44. Kg3 Kxe7 45. Kf4 Kd6 46. g4 Bf7 47. h4
fxg4 48. fxg4 h5 49. Kg5 hxg4 50. Kxg4 0-1

[Event "Open Est 2015-2016"]
[Site "Aubagne"]
[Date "2016.04.23"]
[Round "9.15"]
[White "Moerenhout, Jean Claude"]
[Black "Gutman, Leni"]
[Result "0-1"]
[WhiteElo "1301"]
[BlackElo "1463"]
[PlyCount "86"]
[EventDate "2015.10.10"]
[WhiteTeam "Cercle d'Echecs Aubagnais"]
[BlackTeam "Marseille Echecs"]

1. d4 Nf6 2. c4 g6 3. Nc3 d5 4. Bg5 Ne4 5. Nxe4 dxe4 6. e3 Bg7 7. Qc2 Bf5 8.
Ne2 Nd7 9. Ng3 Nf6 10. Bxf6 Bxf6 11. Nxe4 Bg7 12. Bd3 O-O 13. Ng3 Bxd3 14. Qxd3
c5 15. Ne2 Qd6 16. O-O Rfd8 17. Rad1 cxd4 18. Nxd4 e5 19. c5 Qd5 20. c6 bxc6
21. Qa6 exd4 22. Rd3 Qb5 23. Qa3 dxe3 24. Rxe3 Qxb2 25. Qa6 Qb6 26. Qc4 Rd5 27.
Rfe1 Rf8 28. g3 Rb5 29. Re7 Rb1 30. Rxb1 Qxb1+ 31. Kg2 Qb5 32. Qe4 Qd5 33. Qxd5
cxd5 34. Rxa7 Rd8 35. Kf1 d4 36. Ke2 d3+ 37. Kd2 Bc3+ 38. Kd1 d2 39. Rc7 Bb2
40. Rc2 Bc1 41. a4 Re8 42. Rxc1 dxc1=Q+ 43. Kxc1 Ra8 0-1

[Event "Open Est 2015-2016"]
[Site "Aubagne"]
[Date "2016.04.23"]
[Round "9.16"]
[White "Ralijaona, Gabriela"]
[Black "Konate, Salma"]
[Result "0-1"]
[WhiteElo "1330"]
[BlackElo "1429"]
[PlyCount "58"]
[EventDate "2015.10.10"]
[WhiteTeam "Marseille Passion Echecs"]
[BlackTeam "Marseille Passion Echecs"]

1. e4 e6 2. d3 d5 3. Nf3 dxe4 4. dxe4 Qxd1+ 5. Kxd1 Bc5 6. Ke1 Nf6 7. Bd3 Nc6
8. Nc3 Ng4 9. Rf1 a6 10. h3 Nge5 11. Nxe5 Nxe5 12. f4 Nxd3+ 13. cxd3 b5 14. a3
Bb7 15. Rf3 O-O 16. g4 Be7 17. g5 f6 18. Rg3 fxg5 19. fxg5 Bd6 20. Rg1 Rf3 21.
h4 Rxd3 22. h5 Rf8 23. h6 Rdf3 24. hxg7 Kxg7 25. Ne2 Bc5 26. Rg2 Rf1+ 27. Kd2
Rd8+ 28. Kc3 Rf3+ 29. Kc2 Bxe4# 0-1

[Event "Open Est 2015-2016"]
[Site "Aubagne"]
[Date "2016.04.23"]
[Round "9.19"]
[White "Pietrac, Christian"]
[Black "Besucco, Guy"]
[Result "1-0"]
[WhiteElo "1190"]
[BlackElo "1389"]
[PlyCount "172"]
[EventDate "2015.10.10"]
[WhiteTeam "Club d'Echecs de Miramas"]
[BlackTeam "La Ciotat Echecs (LCE)"]

1. Nf3 f5 2. g3 Nf6 3. d3 e6 4. Bf4 d5 5. Bg2 Nbd7 6. O-O Be7 7. a4 a5 8. Nbd2
O-O 9. c4 c6 10. Ng5 Nc5 11. d4 Nce4 12. Ndxe4 Nxe4 13. Nxe4 fxe4 14. c5 h6 15.
e3 b6 16. Rc1 Ba6 17. Re1 bxc5 18. Qg4 Bc8 19. Be5 Rf7 20. f3 Bf6 21. Rxc5 Bxe5
22. dxe5 Bd7 23. f4 Qe7 24. Rec1 Rb8 25. Qe2 Ra8 26. Bh3 g6 27. Qe1 Qd8 28. Bg4
h5 29. Bd1 Rh7 30. h4 Be8 31. Qf1 d4 32. Bb3 Re7 33. Rd1 d3 34. Rd2 Qb6 35. Rc3
Qxe3+ 36. Qf2 Qxf2+ 37. Kxf2 Bf7 38. Ke3 Rb8 39. Kxe4 Reb7 40. Rdxd3 g5 41. Kf3
g4+ 42. Kf2 Kg7 43. Ke2 Kg6 44. Kd1 Kf5 45. Kc2 Be8 46. Rd6 Bd7 47. Rdd3 Be8
48. Rc5 Rd7 49. Bc4 Kg6 50. b3 Kg7 51. Bxe6 Re7 52. Rd6 Rb4 53. Bc4 Rb6 54. Kc3
Bf7 55. Bxf7 Kxf7 56. Rdxc6 Rb4 57. Rf6+ Kg7 58. Rd6 Re4 59. Rd3 Re1 60. Rxa5
Rc1+ 61. Kb2 Rc8 62. Rc3 Rd8 63. Ra6 Red7 64. Ka3 Rd1 65. Rc7+ R1d7 66. Raa7
Rxc7 67. Rxc7+ Kf8 68. a5 Ke8 69. Rc3 Rd1 70. Kb2 Rd2+ 71. Rc2 Rd5 72. b4 Rd3
73. Rc3 Rd2+ 74. Kb3 Rf2 75. Kc4 Rf3 76. b5 Rf1 77. Kc5 Rf3 78. Kb4 Kd7 79. a6
Rf1 80. Ka5 Rf3 81. Kb4 Rf1 82. b6 Rb1+ 83. Kc5 Ra1 84. a7 Ra5+ 85. Kb4 Ra6 86.
Kb5 Ra1 1-0

[Event "Open Est 2015-2016"]
[Site "Aubagne"]
[Date "2016.04.23"]
[Round "9.20"]
[White "Benezra, Silke"]
[Black "Denis, Alexandra"]
[Result "0-1"]
[WhiteElo "1374"]
[BlackElo "1172"]
[PlyCount "130"]
[EventDate "2015.10.10"]
[WhiteTeam "L'Echiquier du Roy René"]
[BlackTeam "Marseille Passion Echecs"]

1. d4 d5 2. Bf4 Bf5 3. e3 a6 4. c4 e6 5. Nf3 Nf6 6. Nc3 Nbd7 7. a3 c5 8. cxd5
cxd4 9. Qxd4 Bc5 10. Qd2 exd5 11. Nxd5 O-O 12. Be2 Ne4 13. Qd1 Be7 14. b4 Bf6
15. Nxf6+ Ndxf6 16. O-O Nc3 17. Qe1 Nxe2+ 18. Qxe2 Bd3 19. Qb2 Bxf1 20. Kxf1
Qd3+ 21. Ke1 Rac8 22. Rd1 Qc3+ 23. Rd2 Ne4 24. Qxc3 Rxc3 25. Rd7 Rxa3 26. Rxb7
Ra1+ 27. Ke2 Ra2+ 28. Kd3 Nxf2+ 29. Kc4 Ne4 30. g4 Nd2+ 31. Nxd2 Rxd2 32. Rb6
Rc8+ 33. Kb3 Ra8 34. g5 Rd1 35. Kb2 Rd5 36. Kc3 Rb5 37. Rxb5 axb5 38. Kd4 Rc8
39. Be5 Rc2 40. Kd5 Rg2 41. Bf4 f6 42. gxf6 gxf6 43. Kc5 Kf7 44. Kxb5 Ke6 45.
Kb6 Kd5 46. Kb5 h5 47. Kb6 Kc4 48. Bd6 f5 49. Kc6 Rb2 50. Kd7 Kd5 51. Ke7 Ke4
52. Kf6 Rb3 53. Bc5 Rb2 54. h4 Rg2 55. Ke6 Rg4 56. Be7 Rg3 57. Bc5 Rh3 58. b5
Rh2 59. b6 Rb2 60. Kf6 Rb5 61. Bd4 f4 62. Kg6 f3 63. b7 Rxb7 64. Kxh5 f2 65.
Kg6 f1=Q 0-1

[Event "Open Est 2015-2016"]
[Site "Aubagne"]
[Date "2016.04.23"]
[Round "9.21"]
[White "Aghababian, Arthur"]
[Black "Periale, Albert"]
[Result "0-1"]
[WhiteElo "1298"]
[BlackElo "1263"]
[PlyCount "86"]
[EventDate "2015.10.10"]
[WhiteTeam "Sanary Echecs"]
[BlackTeam "Cercle d'Echecs Aubagnais"]

1. e4 e5 2. Nf3 Nc6 3. Bb5 Nf6 4. d3 d6 5. c3 Bd7 6. O-O Be7 7. Ba4 a6 8. Bc2
O-O 9. h3 Qc8 10. Kh2 Nd8 11. d4 exd4 12. cxd4 Nc6 13. Nc3 b5 14. a3 Re8 15.
Re1 Bf8 16. Bg5 Be7 17. e5 dxe5 18. Nxe5 Qd8 19. Bxf6 Bxf6 20. Bxh7+ Kxh7 21.
Qh5+ Kg8 22. Qxf7+ Kh8 23. Qh5+ Kg8 24. Qf7+ Kh7 25. Qg6+ Kg8 26. Nf7 Qc8 27.
Nh6+ Kh8 28. Ng4 Bxg4 29. hxg4 Nxd4 30. Rac1 Re6 31. Rxe6 Qxe6 32. Qh5+ Kg8 33.
f4 Qf7 34. Qc5 Ne6 35. Qc6 Rd8 36. Nd5 Nd4 37. Nxf6+ gxf6 38. Qxa6 Qh7+ 39. Kg3
Ne2+ 40. Kf2 Nxc1 41. Qe6+ Qf7 42. Qe3 Nd3+ 43. Kg3 Nxb2 0-1

[Event "Open Est 2015-2016"]
[Site "Aubagne"]
[Date "2016.04.23"]
[Round "9.22"]
[White "Belaid, Noa"]
[Black "Masson, Wally"]
[Result "0-1"]
[WhiteElo "1172"]
[BlackElo "1179"]
[PlyCount "76"]
[EventDate "2015.10.10"]
[WhiteTeam "Club Provence Echecs"]
[BlackTeam "Cercle d'Echecs Aubagnais"]

1. e4 e5 2. Nf3 Nc6 3. Bc4 Nf6 4. Nc3 Bb4 5. d3 Nd4 6. a3 Bxc3+ 7. bxc3 Nxf3+
8. Qxf3 h6 9. O-O d6 10. h3 Be6 11. Bxe6 fxe6 12. Qg3 Qe7 13. f4 O-O-O 14. f5
Rdf8 15. fxe6 Rhg8 16. Qe3 Kb8 17. Rb1 Qxe6 18. d4 Qa2 19. Bb2 Qc4 20. Qd3 Qc6
21. d5 Qb6+ 22. Kh2 c6 23. dxc6 Qxc6 24. Rbe1 g5 25. a4 g4 26. g3 gxh3 27. Kxh3
Qd7+ 28. Kg2 Nh5 29. Rxf8+ Rxf8 30. Ba3 Kc7 31. Qc4+ Kd8 32. Rd1 Ke8 33. Rxd6
Nf4+ 34. gxf4 Qg4+ 35. Kf2 Rxf4+ 36. Ke1 Rxe4+ 37. Kd2 Rxc4 38. Rxh6 Qf4+ 0-1

[Event "Open Est 2015-2016"]
[Site "Aubagne"]
[Date "2016.04.23"]
[Round "9.23"]
[White "Richert, Sebastien"]
[Black "Shah, Marmik"]
[Result "1-0"]
[WhiteElo "1392"]
[BlackElo "1243"]
[PlyCount "125"]
[EventDate "2015.10.10"]
[WhiteTeam "Cercle d'Echecs Aubagnais"]
[BlackTeam "L'Echiquier du Roy René"]

1. e4 c5 2. Nf3 d6 3. Bc4 Nf6 4. Nc3 g6 5. Ng5 e6 6. O-O Bg7 7. d3 O-O 8. Re1
Nc6 9. Bd2 Bd7 10. a3 a6 11. Rb1 b5 12. Ba2 a5 13. Nxb5 Qe7 14. Bc3 Rab8 15. a4
e5 16. Qd2 Bh6 17. f4 Ne8 18. h4 Ra8 19. Rf1 Kh8 20. f5 Bxg5 21. Qxg5 Qxg5 22.
hxg5 Kg7 23. Kh2 Nb4 24. Nxd6 Nxa2 25. Bxe5+ Kg8 26. c3 Bxa4 27. Ra1 Nxd6 28.
Bxd6 Rfd8 29. Rxa2 Rxd6 30. Rxa4 Rxd3 31. Rfa1 gxf5 32. exf5 Rd2 33. Rxa5 Rxa5
34. Rxa5 Rxb2 35. Rxc5 Rc2 36. f6 h6 37. gxh6 Kh7 38. Kh3 Kxh6 39. g4 Kg6 40.
Rc6 Rf2 41. Kg3 Rxf6 42. Rxf6+ Kxf6 43. Kf4 Ke6 44. c4 Kd6 45. Kf5 Kc5 46. Kf6
Kxc4 47. Kxf7 Kd5 48. g5 Ke5 49. g6 Kd6 50. g7 Kd7 51. g8=Q Kd6 52. Qg5 Kd7 53.
Qf6 Kc7 54. Qe6 Kb7 55. Kf6 Kc7 56. Ke5 Kb7 57. Kd5 Kc7 58. Kc5 Kb7 59. Qd6 Ka7
60. Kb5 Ka8 61. Qd7 Kb8 62. Kc6 Ka8 63. Qb7# 1-0

[Event "Open Est 2015-2016"]
[Site "Aubagne"]
[Date "2016.04.23"]
[Round "9.24"]
[White "Shah, Darshan"]
[Black "Yahia Amar, Mathieu"]
[Result "0-1"]
[WhiteElo "1117"]
[BlackElo "1137"]
[PlyCount "84"]
[EventDate "2015.10.10"]
[WhiteTeam "L'Echiquier du Roy René"]
[BlackTeam "L'Echiquier du Roy René"]

1. e4 e5 2. Nf3 Nc6 3. d4 exd4 4. Nxd4 Qh4 5. Nc3 Bc5 6. Be3 Nf6 7. g3 Qg4 8.
Be2 Qg6 9. f3 O-O 10. Qd2 Nxd4 11. Bxd4 Bxd4 12. Qxd4 c6 13. O-O-O h6 14. Bd3
Nh7 15. e5 Qe6 16. f4 Re8 17. Rde1 d5 18. exd6 Qxe1+ 19. Rxe1 Rxe1+ 20. Kd2 Re8
21. d7 Rd8 22. Qe4 Nf6 23. Qe5 Rxd7 24. h3 b6 25. Ne4 Nh7 26. Qe8+ Nf8 27. Qe5
Ba6 28. Nf2 Ng6 29. Qe4 Bb7 30. f5 c5 31. Qg4 Rd4 32. Qe2 Nf8 33. c3 Rd5 34.
Qe7 Rd7 35. Qe3 c4 36. Kc2 cxd3+ 37. Nxd3 Nh7 38. g4 Nf6 39. g5 Re8 40. Qg3
hxg5 41. Kb3 Ne4 42. Qe1 Rxd3 0-1

[Event "Open Est 2015-2016"]
[Site "Aubagne"]
[Date "2016.04.23"]
[Round "9.25"]
[White "Garbe, Georges"]
[Black "Frontera, Pierre"]
[Result "0-1"]
[WhiteElo "1237"]
[BlackElo "1223"]
[PlyCount "150"]
[EventDate "2015.10.10"]
[WhiteTeam "Cercle d'Echecs Aubagnais"]
[BlackTeam "Cercle d'Echecs Aubagnais"]

1. c4 e5 2. d3 Nf6 3. Nc3 Bc5 4. Be3 Bxe3 5. fxe3 O-O 6. Nf3 Nc6 7. a3 Re8 8.
g3 d6 9. Bg2 Rb8 10. O-O h6 11. Rb1 a6 12. b4 b5 13. Ne1 Na7 14. Qb3 Be6 15. e4
c6 16. Nc2 Qb6+ 17. Kh1 Rb7 18. a4 Nc8 19. a5 Qa7 20. Rf3 Ng4 21. Rbf1 h5 22.
Nd1 Nh6 23. Nde3 bxc4 24. dxc4 Rf8 25. Nf5 Kh7 26. Nxh6 Kxh6 27. Qe3+ Qxe3 28.
Nxe3 g6 29. h3 Rxb4 30. h4 Ne7 31. Rf6 Rbb8 32. Kh2 Ng8 33. R6f2 Rb3 34. Rf3
Kg7 35. Nf5+ gxf5 36. Rxb3 Bxc4 37. Re3 Nh6 38. Bh3 Ng4+ 39. Bxg4 fxg4 40. Rf2
Rb8 41. Rc3 d5 42. exd5 cxd5 43. e3 e4 44. Rc1 Rb5 45. Ra1 Rb3 46. Re1 Ra3 47.
Rf5 Kg6 48. Rg5+ Kh6 49. Kg1 Rxa5 50. Rf5 Kg6 51. Rf2 Ra3 52. Rb2 a5 53. Rb6+
f6 54. Rb2 a4 55. Kf2 Rc3 56. Ra1 a3 57. Rd2 a2 58. Rdxa2 Bxa2 59. Rxa2 Rc4 60.
Rd2 Rc5 61. Ke2 Kf5 62. Rd1 Ke5 63. Rb1 Rc2+ 64. Kf1 Rd2 65. Re1 d4 66. exd4+
Kxd4 67. Re2 Kd3 68. Rxd2+ Kxd2 69. Kf2 e3+ 70. Kf1 e2+ 71. Kf2 e1=Q+ 72. Kg2
Ke3 73. Kh2 Qd2+ 74. Kh1 Kf3 75. Kg1 Qg2# 0-1

[Event "Open Est 2015-2016"]
[Site "Aubagne"]
[Date "2016.04.23"]
[Round "9.26"]
[White "Herbulot, Thomas"]
[Black "Denis, Karine"]
[Result "1-0"]
[WhiteElo "1067"]
[BlackElo "1302"]
[PlyCount "111"]
[EventDate "2015.10.10"]
[WhiteTeam "Club Provence Echecs"]
[BlackTeam "Marseille Passion Echecs"]

1. d4 d5 2. Nf3 Bg4 3. Ne5 Nf6 4. Bf4 Nc6 5. h3 Bf5 6. Nd2 Nxd4 7. Nd3 e6 8. e3
Nc6 9. Ne5 Nxe5 10. Bxe5 Bd6 11. Bxd6 Qxd6 12. Bd3 Bxd3 13. cxd3 O-O 14. O-O
Rfe8 15. d4 e5 16. Re1 e4 17. Rc1 Re6 18. Rc3 Nd7 19. Qg4 Rg6 20. Qf4 Qxf4 21.
exf4 c6 22. Nb3 a5 23. a4 b5 24. Ra1 Re8 25. Nc5 Nxc5 26. Rxc5 e3 27. fxe3 Rxe3
28. axb5 h5 29. bxc6 Re8 30. Rxd5 Rxc6 31. Rdxa5 Rc2 32. Rxh5 Rxb2 33. Re5 Reb8
34. Rae1 Kf8 35. R1e2 Rxe2 36. Rxe2 Kg8 37. Kf2 Rb4 38. Re4 f5 39. Re5 g6 40.
d5 Rxf4+ 41. Kg3 Rd4 42. Re6 Kg7 43. Kf3 Rxd5 44. Kf4 Rd2 45. g4 Rd4+ 46. Kg5
fxg4 47. Rxg6+ Kf7 48. hxg4 Rd5+ 49. Kh6 Ke7 50. g5 Kf7 51. Rg7+ Kf8 52. Kh7
Rf5 53. Rg8+ Kf7 54. g6+ Kf6 55. Rf8+ Ke7 56. Rxf5 1-0

[Event "Open Est 2015-2016"]
[Site "Aubagne"]
[Date "2016.04.23"]
[Round "9.27"]
[White "Boudet, Nicole"]
[Black "Salvi, Angele"]
[Result "1-0"]
[WhiteElo "1279"]
[BlackElo "1120"]
[PlyCount "57"]
[EventDate "2015.10.10"]
[WhiteTeam "Cercle d'Echecs Aubagnais"]
[BlackTeam "Cercle d'Echecs Aubagnais"]

1. e4 c5 2. Nf3 d6 3. c3 a6 4. Be2 Nd7 5. O-O Ngf6 6. d3 h6 7. Re1 b5 8. Bf1 e5
9. d4 d5 10. exd5 Bd6 11. dxe5 Nxe5 12. Nxe5 O-O 13. c4 Bb7 14. b3 b4 15. Bf4
Qc7 16. Re3 Rae8 17. Nd2 Bc8 18. Ne4 Bxe5 19. Nxf6+ gxf6 20. Rg3+ Kh8 21. d6
Qd7 22. Qd2 Bxa1 23. Be5 Qf5 24. Bxa1 (24. Qxh6+ Qh7 25. Qxf6+ Qg7 26. Qxg7#)
24... Rg8 25. Qxh6+ Qh7 26. Bxf6+ Rg7 27. Bxg7+ Kg8 28. Bf6+ Qg6 29. Qh8# 1-0

[Event "Open Est 2015-2016"]
[Site "Aubagne"]
[Date "2016.04.23"]
[Round "9.28"]
[White "Rieu, Jean"]
[Black "Pegon, Claude"]
[Result "1-0"]
[WhiteElo "1279"]
[BlackElo "1090"]
[PlyCount "45"]
[EventDate "2015.10.10"]
[WhiteTeam "U.S.C.M."]
[BlackTeam "La Ciotat Echecs (LCE)"]

1. Nf3 f5 2. d4 Nf6 3. Nc3 d5 4. Bg5 h6 5. Bxf6 gxf6 6. e3 e6 7. Be2 c6 8. Nh4
Rg8 9. Bh5+ Kd7 10. O-O b6 11. Re1 Ba6 12. e4 Bb4 13. exf5 Kd6 14. fxe6 Re8 15.
Nf5+ Kc7 16. Bxe8 Qxe8 17. Qg4 Bf8 18. Qf4+ Kb7 19. e7 Bxe7 20. Rxe7+ Nd7 21.
Rxe8 Rxe8 22. Nd6+ Ka8 23. Nxe8 1-0

[Event "Open Est 2015-2016"]
[Site "Aubagne"]
[Date "2016.04.23"]
[Round "9.29"]
[White "Yahia Amar, Pierre"]
[Black "Maumi, Helio"]
[Result "1-0"]
[WhiteElo "1060"]
[BlackElo "1240"]
[PlyCount "106"]
[EventDate "2015.10.10"]
[WhiteTeam "L'Echiquier du Roy René"]
[BlackTeam "Marseille Passion Echecs"]

1. e4 e5 2. Nf3 Nc6 3. Bb5 a6 4. Bc4 Bc5 5. d3 h6 6. Nc3 d6 7. O-O Bg4 8. h3
Bh5 9. Bd2 Nd4 10. a3 Nxf3+ 11. gxf3 Qf6 12. Nd5 Qg6+ 13. Kh2 Kd8 14. Rg1 Qe6
15. Nxc7 Qf6 16. Nxa8 Bxf3 17. Qe1 Qh4 18. Ba5+ Kc8 19. Rg3 Qf4 20. Nb6+ Bxb6
21. Bxb6 Nf6 22. Bxf7 Nd7 23. Be6 Rf8 24. Qg1 Rf6 25. h4 Rxe6 26. Kh3 Nxb6 27.
Rxg7 h5 28. Rg8+ Kc7 29. Qe1 Bg4+ 30. Kg2 Qf3+ 31. Kg1 Bh3 32. Qc3+ Kd7 33.
Rg7+ Re7 34. Rg6 Nc8 35. Qd2 Re6 36. Rg5 Ne7 37. Rg3 Rg6 38. Rxg6 Nxg6 39. Qg5
Nf4 40. Qg7+ Kc6 41. Re1 Ng2 42. Rf1 Nf4 43. Re1 Bg2 44. Qg3 Nh3+ 45. Kh2 Qxf2
46. Qxf2 Nxf2 47. Kxg2 Ng4 48. c3 d5 49. exd5+ Kxd5 50. b3 b5 51. c4+ bxc4 52.
dxc4+ Kc5 53. Rb1 e4 1-0

[Event "Open Est 2015-2016"]
[Site "Aubagne"]
[Date "2016.04.23"]
[Round "9.30"]
[White "Turpin, Isabelle"]
[Black "Tramarin, Matteo"]
[Result "1-0"]
[WhiteElo "1211"]
[BlackElo "1099"]
[PlyCount "51"]
[EventDate "2015.10.10"]
[WhiteTeam "Cercle d'Echecs Aubagnais"]
[BlackTeam "Cercle d'Echecs Aubagnais"]

1. d4 d5 2. c4 Nf6 3. e3 Nc6 4. Nc3 e5 5. Be2 e4 6. a3 h6 7. f3 Bf5 8. h3 Qd7
9. g4 exf3 10. Nxf3 Be4 11. cxd5 Na5 12. b4 Bxf3 13. Bxf3 Nc4 14. Qd3 Nd6 15.
e4 Nc8 16. e5 Qe7 17. O-O Nd7 18. e6 fxe6 19. Re1 Qh4 20. Rxe6+ Ne7 21. Bf4
O-O-O 22. Qc4 Nc6 23. dxc6 bxc6 24. Qxc6 Kb8 25. Nb5 Nb6 26. Qxc7# 1-0

[Event "Open Est 2015-2016"]
[Site "Aubagne"]
[Date "2016.04.23"]
[Round "9.32"]
[White "Pentcheff, Julie"]
[Black "Timoner, Genevieve"]
[Result "0-1"]
[WhiteElo "1010"]
[BlackElo "1115"]
[PlyCount "94"]
[EventDate "2015.10.10"]
[WhiteTeam "Cassis Echecs"]
[BlackTeam "Club d'Echecs Pennois (CEP)"]

1. d4 f5 2. Bg5 Nf6 3. e3 e6 4. Bb5 c6 5. Bxf6 Qxf6 6. Qh5+ g6 7. Qe2 cxb5 8.
Qxb5 a6 9. Qb6 Nc6 10. Nc3 Be7 11. Rd1 O-O 12. Nf3 Nb4 13. d5 Nxc2+ 14. Kf1 Bd8
15. Qb3 Nxe3+ 16. fxe3 b5 17. dxe6 dxe6 18. h4 Bb7 19. h5 Bxf3 20. gxf3 Kg7 21.
Qc2 Bc7 22. Qg2 Rh8 23. h6+ Kf7 24. Rd4 Rad8 25. Rxd8 Qxd8 26. Qf2 b4 27. e4
bxc3 28. bxc3 Bf4 29. c4 Qd3+ 30. Kg2 Qxc4 31. e5 Bxe5 32. Qa7+ Bc7 33. Qb7 a5
34. Qb2 Rb8 35. Qg7+ Ke8 36. Qg8+ Kd7 37. Rd1+ Kc6 38. Qxh7 Qc2+ 39. Kh3 Qxd1
40. Qxg6 Qxf3+ 41. Kh4 Bd8+ 42. Qg5 Bxg5+ 43. Kxg5 Kd6 44. h7 Ke5 45. a3 Qg3+
46. Kh6 Rh8 47. Kh5 Rxh7# 0-1

[Event "Open Est 2015-2016"]
[Site "Aubagne"]
[Date "2016.04.23"]
[Round "9.33"]
[White "Lognos, Lina"]
[Black "Mauger, Renaud"]
[Result "1-0"]
[WhiteElo "1067"]
[BlackElo "1399"]
[PlyCount "75"]
[EventDate "2015.10.10"]
[WhiteTeam "Cercle d'Echecs Aubagnais"]
[BlackTeam "Cercle d'Echecs Aubagnais"]

1. c4 g6 2. Nc3 Bg7 3. d4 d6 4. e3 Nf6 5. Be2 O-O 6. Nf3 h6 7. O-O Nbd7 8. Rb1
Nb6 9. h3 d5 10. c5 Bf5 11. Ra1 Nbd7 12. Nh4 Be6 13. Qb3 Rb8 14. Nf3 b6 15. c6
Nc5 16. dxc5 bxc5 17. Qa3 Rb6 18. Qxc5 Rxb2 19. Bxb2 Ne4 20. Rad1 Nxc5 21. Nd4
Qb8 22. Ba3 Ne4 23. Nxe4 dxe4 24. Bxe7 Re8 25. Bc5 Bxa2 26. Ra1 Bd5 27. Bxa7
Qb2 28. Rfb1 Qd2 29. Rb8 Rf8 30. Rb7 Bxc6 31. Rxc7 Be8 32. Bc5 Qc3 33. Raa7 Be5
34. Bxf8 Kxf8 35. Rxc3 f5 36. Rc8 Bf4 37. Bb5 Bxe3 38. Rxe8# 1-0

[Event "Open Est 2015-2016"]
[Site "Aubagne"]
[Date "2016.04.23"]
[Round "9.34"]
[White "Hristov, Ina"]
[Black "Rando, Mathias"]
[Result "1-0"]
[WhiteElo "1210"]
[BlackElo "1180"]
[PlyCount "61"]
[EventDate "2015.10.10"]
[WhiteTeam "Marseille Passion Echecs"]
[BlackTeam "Club Provence Echecs"]

1. e4 e5 2. Nf3 Nc6 3. Nc3 Nf6 4. d3 d6 5. Be2 Be6 6. O-O d5 7. exd5 Nxd5 8.
Qe1 Qf6 9. Nxd5 Bxd5 10. Qd1 Be6 11. Ne1 Qg6 12. Bf3 e4 13. Bxe4 Qf6 14. Be3
Bd6 15. h3 Qe5 16. Nf3 Qxb2 17. Rb1 Qxa2 18. Rxb7 f5 19. Bxc6+ Kf8 20. Bd4 Qa6
21. Rb1 Qxc6 22. Re1 Ke7 23. Ng5 Kd7 24. Nxe6 Qd5 25. Bc3 Rhe8 26. Re2 Rxe6 27.
Rxe6 Qxe6 28. Qf3 g5 29. Qxa8 g4 30. Re1 Qh6 31. Qe8# 1-0

[Event "Open Est 2015-2016"]
[Site "Aubagne"]
[Date "2016.04.23"]
[Round "9.35"]
[White "Catanese, Sauveur"]
[Black "Belaid, Myriam"]
[Result "1-0"]
[WhiteElo "1130"]
[BlackElo "1399"]
[PlyCount "83"]
[EventDate "2015.10.10"]
[WhiteTeam "Cercle d'Echecs Aubagnais"]
[BlackTeam "Club Provence Echecs"]

1. d4 d5 2. c4 c5 3. dxc5 dxc4 4. Qxd8+ Kxd8 5. Nc3 Nc6 6. e3 e5 7. Bxc4 Be6 8.
Bxe6 fxe6 9. a3 Bxc5 10. b4 Bd6 11. Bb2 Nge7 12. Rd1 Kc7 13. Nge2 Rad8 14. O-O
Ng6 15. Nb5+ Kd7 16. Nxd6 Nd4 17. exd4 Kxd6 18. dxe5+ Ke7 19. f4 b6 20. Nd4 h5
21. Nc6+ Kf7 22. Nxd8+ Rxd8 23. Rxd8 Nh4 24. Rd7+ Kg6 25. Rxa7 Kh6 26. a4 Nf5
27. Ra6 Ne3 28. Rc1 h4 29. Rxb6 g5 30. Rxe6+ Kh5 31. fxg5 Kg4 32. g6 h3 33. g7
Nxg2 34. g8=Q+ Kf3 35. Rf6+ Ke3 36. Qg3+ Ke4 37. Qxh3 Ne3 38. Qf3+ Kd3 39. Rc3+
Kd4 40. Qxe3+ Kd5 41. Rd3+ Kc4 42. Qd4# 1-0

[Event "Open Est 2015-2016"]
[Site "Aubagne"]
[Date "2016.04.23"]
[Round "9.37"]
[White "Auguste, Yvan"]
[Black "Yahia-Amar, Hocine"]
[Result "0-1"]
[WhiteElo "1050"]
[BlackElo "1090"]
[PlyCount "88"]
[EventDate "2015.10.10"]
[WhiteTeam "Cercle d'Echecs Aubagnais"]
[BlackTeam "L'Echiquier du Roy René"]

1. d4 Nc6 2. e3 d5 3. c3 Nf6 4. Nd2 g6 5. Bb5 a6 6. Ba4 Bf5 7. f3 b5 8. Bb3 Na5
9. e4 dxe4 10. fxe4 Nxe4 11. Ndf3 Bg7 12. Nh4 c5 13. Bc2 Qd5 14. Nhf3 c4 15.
Rb1 O-O 16. Nh3 f6 17. Nf4 Qd6 18. b4 Nxc3 19. Qd2 Nxb1 20. Bxb1 Nc6 21. Qb2
Bxb1 22. Qxb1 Nxd4 23. Ne2 Nxe2 24. Kxe2 Qd3+ 25. Qxd3 cxd3+ 26. Kd2 Rfd8 27.
Re1 e5 28. Re3 Bh6 29. a4 Bxe3+ 30. Kxe3 Rd5 31. h4 h6 32. Ke4 Rad8 33. Bd2 f5+
34. Ke3 Kf7 35. Bc3 Ke6 36. Kf2 e4 37. Nd2 bxa4 38. Bb2 Re5 39. Ke1 a3 40. Bxa3
Rd4 41. Nb3 Rdd5 42. Bc1 h5 43. Be3 Rb5 44. Nd4+ Kd5 0-1